Clubs de foot d’après leur surnom - Statistiques

Statistiques générales
  • Ce quiz a été pris 203 fois
  • Le résultat moyen est 22 sur 25
Statistiques - réponses
Hint Réponse % Correct
Les Parisiens Paris Saint-Germain
97%
Les Verts AS Saint-Étienne
96%
Les Monégasques AS Monaco
94%
Les Bavarois Bayern Munich
94%
Les Canaris FC Nantes
94%
Les Citizens Manchester City
93%
Les Diables Rouges Belgique
92%
Les Sang et Or RC Lens
91%
Les Lions Indomptables Cameroun
90%
Les Merengues Real Madrid
90%
Les Dogues Lille OSC
89%
Les Colchoneros Atlético Madrid
88%
Les Blaugrana FC Barcelone
88%
Les Aiglons OGC Nice
88%
Les Gones Olympique Lyonnais
88%
Les Red Devils Manchester United
87%
Les Oranjes Pays-Bas
87%
Les Fennecs Algérie
86%
Les Phocéens Olympique de Marseille
85%
Les Azzurri Italie
80%
Les Nerazzurri Inter Milan
78%
Les Grenats FC Metz
77%
Les Bianconeri Juventus
76%
Les Rouge et Noir Stade Rennais
72%
Les Giallorossi AS Roma
69%
Aucun quiz correspondant
Distribution des résultats
% des personnes avec chaque résultat
Percentile par nombre de réponses
Votre historique - résultats
Vous n’avez pas pris ce quiz